| 000 | 00000nam##2200000za#4500 |
| 001 | 9.579798 |
| 003 | CaOODSP |
| 005 | 20210624190732 |
| 007 | cr ||||||||||| |
| 008 | 150406|2001||||xxc|||||o f|0| 0 eng|d |
| 040 | |aCaOODSP|beng |
| 043 | |an-cn--- |
| 086 | 1 |aEn163-1/3E-PDF |
| 110 | 1 |aCanada. |bEnvironment Canada. |bOntario Region. |
| 245 | 10|aElectromagnetic surveys & ground penetrating radar |h[electronic resource] |
| 260 | |aDownsview - Ontario : |bEnvironment Canada. |
| 300 | |a6p.|bcoloured figs., references, tables |
| 490 | 1 |aTABs on contaminated sites |vTAB #3 |
| 500 | |aImperfect: p. 2 and 3. |
| 590 | |a14-13-Supp|b2014-06-23 |
| 690 | 07|aPollution|2gcpds |
| 690 | 07|aRadar|2gcpds |
| 775 | 08|tLevés électromagnétiques et géoradar |w(CaOODSP)9.607053 |
| 830 | #0|aTABs on contaminated sites ;|vTAB #3|w(CaOODSP)9.507838 |
| 856 | 40|ahttp://publications.gc.ca|qPDF|s97 KB|uhttps://publications.gc.ca/collections/collection_2014/ec/En163-1-3-eng.pdf|yTAB #3 |